|
|
|
|
| LEADER |
00780ncm a2200217 a 4500 |
| 001 |
000018559 |
| 003 |
CZ BrMZK |
| 005 |
19950101143423.0 |
| 008 |
950101s1990 xr f cze d |
| 040 |
|
|
|a BOA001
|b cze
|
| 080 |
|
|
|a 783
|2 MRF
|
| 080 |
|
|
|a 784
|2 MRF
|
| 080 |
|
|
|a 246.8
|2 MRF
|
| 100 |
1 |
|
|a Poulenc, Francis,
|d 1899-1963
|7 jn19990006661
|4 cmp
|
| 245 |
1 |
0 |
|a Ave verum corpus :
|b moteto pro ženský sbor
|h [hudebnina] /
|c Francis Poulenc.
|
| 260 |
|
|
|a Jihlava :
|b FSU,
|c 1990
|
| 300 |
|
|
|a 1 partitura (4 s.)
|
| 910 |
|
|
|a BOA001
|b Mus4-1008.180
|
| 990 |
|
|
|a MU
|
| 996 |
7 |
|
|b 2610020157
|c Mus4-1008.180
|l MZK
|r Sklad / do 1 hodiny
|n 13
|p p.v.
|w 000018559
|u 000010
|a 1
|e BOA001
|j MZK50
|s A
|
| 996 |
6 |
|
|b 2610020158
|c Mus4-1008.180
|l MZK
|r Sklad / do 1 hodiny
|n 2
|p p.v.
|w 000018559
|u 000020
|a 1
|e BOA001
|j MZK50
|s P
|